Two serious ladies (Record no. 227321)
[ view plain ]
| 000 -LEADER | |
|---|---|
| fixed length control field | 01384nam a22002297a 4500 |
| 005 - DATE AND TIME OF LATEST TRANSACTION | |
| control field | 20260124092429.0 |
| 008 - FIXED-LENGTH DATA ELEMENTS--GENERAL INFORMATION | |
| fixed length control field | 230522b ||||| |||| 00| 0 eng d |
| 020 ## - INTERNATIONAL STANDARD BOOK NUMBER | |
| International Standard Book Number | 9781474620406 |
| 040 ## - CATALOGING SOURCE | |
| Transcribing agency | AL |
| 041 ## - LANGUAGE CODE | |
| Language code of text/sound track or separate title | eng |
| 082 ## - DEWEY DECIMAL CLASSIFICATION NUMBER | |
| Edition number | 23 |
| Classification number | 813.52 |
| Item number | BOWT |
| 100 ## - MAIN ENTRY--PERSONAL NAME | |
| Personal name | Jane Bowles |
| 100 ## - MAIN ENTRY--PERSONAL NAME | |
| 9 (RLIN) | 252514 |
| 245 ## - TITLE STATEMENT | |
| Title | Two serious ladies |
| 260 ## - PUBLICATION, DISTRIBUTION, ETC. | |
| Place of publication, distribution, etc. | Great Britain |
| Name of publisher, distributor, etc. | Wen Essentials |
| Date of publication, distribution, etc. | 2021 |
| 300 ## - PHYSICAL DESCRIPTION | |
| Extent | xi,249p |
| Other physical details | PB |
| Dimensions | 20x13cm |
| 365 ## - TRADE PRICE | |
| Source of price type code | English |
| Price type code | 1170 |
| Price amount | 480.00 |
| Currency code | ₹ |
| Unit of pricing | 599.00 |
| Price note | 20% |
| Price effective from | 17-05-2023 |
| 520 ## - SUMMARY, ETC. | |
| Summary, etc. | Two Serious Ladies is the only novel by avant-garde literary star and wife of legendary writer Paul Bowles—a modernist cult-classic, mysterious, profound, anarchic, and funny, that follows two upper-class women as they descend into debauchery—updated with an introduction by Claire Messud, bestselling author of The Emperor's Children and The Woman Upstairs.<br/>Two serious ladies who want to live outside of themselves, Christina Goering and Frieda Copperfield embark on separate quests of salvation. Mrs. Copperfield visits Panama with her husband, where she finds solace among the women who live and work in its brothels. Miss Goering becomes involved with various men. At the end the two women meet again, each transformed by her experience. |
| 650 ## - SUBJECT ADDED ENTRY--TOPICAL TERM | |
| Topical term or geographic name entry element | American English Fiction |
| 9 (RLIN) | 110556 |
| 650 ## - SUBJECT ADDED ENTRY--TOPICAL TERM | |
| Topical term or geographic name entry element | English Fiction |
| 9 (RLIN) | 110557 |
| 650 ## - SUBJECT ADDED ENTRY--TOPICAL TERM | |
| Topical term or geographic name entry element | English Novel |
| 9 (RLIN) | 110558 |
| 942 ## - ADDED ENTRY ELEMENTS (KOHA) | |
| Source of classification or shelving scheme | Dewey Decimal Classification |
| Koha item type | Book |
| Withdrawn status | Lost status | Source of classification or shelving scheme | Damaged status | Not for loan | Collection code | Home library | Current library | Date acquired | Source of acquisition | Cost, normal purchase price | Total Checkouts | Full call number | Barcode | Date last seen | Cost, replacement price | Price effective from | Koha item type |
|---|---|---|---|---|---|---|---|---|---|---|---|---|---|---|---|---|---|
| Dewey Decimal Classification | English | St Aloysius Library | St Aloysius Library | 05/20/2023 | Biblios Book Point Surathkal Mangalore 575014 | 480.00 | 813.52 BOWT | 076528 | 05/22/2023 | 599.00 | 05/17/2023 | Book |